000 00745nam a22001937a 4500
005 20260619103914.0
008 230511b |||||||| |||| 00| 0 eng d
020 _a9781541601567 (hbk)
082 _a346.73 MAG
100 _aMagnuson, William
245 _aFor profit :
_ba history of corporations /
_cWilliam Magnuson.
260 _aNew York :
_bBasic Books,
_c2022.
300 _avii, 357 p. ;
_c24 cm.
365 _bRS. 2730.00
505 _a1. Corpus economicus 15; 2. The bank 39; 3. The stock 69; 4. The monopoly 103; 5. The assembly line 145; 6. The multinational 181; 7. The raider 217; 8. The start-up 253; 9. Conclusion 297.
650 _aProfit -- history
650 _aCorporation -- economicus.
942 _2ddc
_cBK
999 _c211930
_d211930